¡A lo tonto... a lo tonto _¡ (Record no. 160535)
[ view plain ]
| 000 -LEADER | |
|---|---|
| campo de control de longitud fija | 01078nam a22002175i 4500 |
| 001 - NÚMERO DE CONTROL | |
| campo de control | 160535 |
| 003 - IDENTIFICADOR DE NÚMERO DE CONTROL | |
| campo de control | ES-MaACL |
| 005 - FECHA Y HORA DE LA ÚLTIMA TRANSACCIÓN | |
| campo de control | 20250824074925.0 |
| 008 - DATOS DE LONGITUD FIJA--INFORMACIÓN GENERAL | |
| campo de control de longitud fija | 000203s1879 sp |||| | spa d |
| 040 ## - FUENTE DE CATALOGACIÓN | |
| Centro catalogador/agencia de origen | CAM |
| Lengua de catalogación | spa |
| Centro/agencia transcriptor | CAM |
| 100 1# - ENTRADA PRINCIPAL--NOMBRE DE PERSONA | |
| Nombre de persona | Navarro, Calisto. |
| 9 (RLIN) | 130413 |
| 245 10 - MENCIÓN DEL TÍTULO | |
| Título | ¡A lo tonto... a lo tonto _¡ |
| Resto del título | : juguete cómico en un acto y en verso / |
| Mención de responsabilidad, etc. | original de Calisto Navarro. |
| 260 ## - PUBLICACIÓN, DISTRIBUCIÓN, ETC. | |
| Lugar de publicación, distribución, etc. | Madrid : |
| Nombre del editor, distribuidor, etc. | [Hijos de A. Gullon editores], |
| Fecha de publicación, distribución, etc. | 1879 ( |
| Fabricante | Establecimiento tipográfico de M.P. Montoya y compañía) |
| 300 ## - DESCRIPCIÓN FÍSICA | |
| Extensión | 29 p. ; |
| Dimensiones | 20 cm. |
| 490 1# - MENCIÓN DE SERIE | |
| Mención de serie | El teatro : colección de obras dramáticas y líricas |
| 500 ## - NOTA GENERAL | |
| Nota general | En port.: Estrenado en el teatro de Eslava de Madrid, la noche del 12 de febrero de 1879. |
| 596 ## - NOTA AL PIE DE IMPRENTA | |
| NOTA AL PIE DE IMPRENTA | Ed. y mención de serie tomados de la cub. |
| 830 03 - PUNTO DE ACCESO ADICIONAL DE SERIE-TÍTULO UNIFORME | |
| Título uniforme | El teatro: colección de obras dramática y líricas |
| 9 (RLIN) | 221753 |
| 852 ## - LOCALIZACIÓN | |
| Ubicación | ES-MaACL |
| Número de control de estantería | F-8578(2) |
| Nota libre | -- Enc. pasta española |
| condición física | -- Falto de la cub. original |
| Nota libre | -- Enc. en un vol. facticio ormando parte de la col. facticia Teatro español moderno, vol. 31 |
| Estatus retirado | Estado de pérdida | Estado de daño | No para préstamo | Colección | Biblioteca de origen | Biblioteca actual | Ubicación en estantería | Fecha de adquisición | Total de préstamos | Signatura topográfica completa | Código de barras | Visto por última vez | Precio de reemplazo | Tipo de ítem Koha |
|---|---|---|---|---|---|---|---|---|---|---|---|---|---|---|
| Libros del s. XIX | Biblioteca del Ateneo de Madrid | Biblioteca del Ateneo de Madrid | Sala Pecera Planta 2 | 17/01/2008 | F-8578(2) | 1168091 | 23/02/2023 | 23/02/2023 | Libro impreso antiguo |
